[Event "Stuttgart-chB int"]
[Site "Ditzingen"]
[Date "2012.05.18"]
[Round "3"]
[White "Stadler, Marcus"]
[Black "Mayer, Markus1111"]
[Result "0-1"]
[WhiteElo "1856"]
[BlackElo "1599"]
[PlyCount "84"]
[EventDate "2012.05.17"]
[EventType "swiss"]
[EventRounds "7"]
[EventCountry "GER"]
[SourceTitle "EXT 2018"]
[Source "ChessBase"]
[SourceDate "2017.10.13"]
[SourceVersion "1"]
[SourceVersionDate "2017.10.13"]
[SourceQuality "1"]

1. e4 e6 2. d4 d5 3. Nd2 c5 4. exd5 exd5 5. Ngf3 Nf6 6. Bb5+ Nc6 7. 0-0 a6 8. Bxc6+ bxc6 9. Re1+ Be6 10. Ng5 Qd7 11. f4 0-0-0 12. Ndf3 Bg4 13. h3 Bh5 14. Qd3 c4 15. Qc3 Bxf3 16. Nxf3 Ne4 17. Qa5 Qb7 18. b3 Bb4 19. Qa4 Nc3 20. Qxb4 Qxb4 21. Bd2 Rhe8 22. a3 Rxe1+ 23. Bxe1 Ne2+ 24. Kf2 Qe7 25. Bb4 Qe4 26. Re1 Qxc2 27. Rxe2 Qxb3 28. Re3 Qc2+ 29. Kg3 Qg6+ 30. Kf2 Qc2+ 31. Kg3 Qg6+ 32. Kf2 f6 33. Nh4 Qh5 34. Nf3 Re8 35. Rc3 Re4 36. Bd6 Qe8 37. Rc2 Qe6 38. Bc5 Rxf4 39. Rb2 g5 40. Rb6 c3 41. Bb4 h5 42. Kg1 g4 0-1

[Event "Stuttgart-chB int"]
[Site "Ditzingen"]
[Date "2008.05.02"]
[Round "4"]
[White "Stadler, Marcus"]
[Black "Kang, Moon Gu"]
[Result "1/2-1/2"]
[WhiteElo "1707"]
[BlackElo "1797"]
[PlyCount "51"]
[EventDate "2008.05.01"]
[EventType "swiss"]
[EventRounds "7"]
[EventCountry "GER"]
[SourceTitle "EXT 2018"]
[Source "ChessBase"]
[SourceDate "2017.10.13"]
[SourceVersion "1"]
[SourceVersionDate "2017.10.13"]
[SourceQuality "1"]

1. e4 d6 2. d4 g6 3. Nf3 Bg7 4. Bd3 Nf6 5. 0-0 0-0 6. Bg5 h6 7. Bd2 c5 8. dxc5 dxc5 9. Qc1 Kh7 10. Be3 Qc7 11. Bf4 Qa5 12. Nbd2 Be6 13. Re1 Nbd7 14. Bc4 Bxc4 15. Nxc4 Qa6 16. Nce5 Nxe5 17. Bxe5 Qe6 18. h3 Rfd8 19. Qf4 Nh5 20. Qh2 Bxe5 21. Qxe5 Qxe5 22. Nxe5 Rd2 23. Rac1 Nf4 24. Kf1 Kg7 25. Nf3 Rd7 26. h4 1/2-1/2